Death's bright dart,

Saved in:
Bibliographic Details
Main Author: Clinton-Baddeley, V. C. (Victor Clinton), 1900-1970
Format: Book
Language:English
Published: London, Gollancz, 1967.
LEADER 00758nam a22002051 4500
001 c000072914
003 CARM
005 00000000000000.0
008 710406s1967 enke 00011 eng
015 |a B67-3113 
019 1 |a 21173  |5 LACONCORD2021 
035 |a (OCoLC)460413  |5 LACONCORD2021 
050 0 0 |a PZ4.C6398  |b De 
100 1 |a Clinton-Baddeley, V. C.  |q (Victor Clinton),  |d 1900-1970. 
245 1 0 |a Death's bright dart,  |c by V. C. Clinton-Baddeley. 
260 |a London,  |b Gollancz,  |c 1967. 
300 |a 191 p.  |b plan.  |c 20 cm. 
852 8 |b CARM  |h A2:AH12G0  |i A01838  |p 0131490  |f BK 
999 f f |i 7a116364-c9d8-5ead-88cc-0191e116fd01  |s fe26ea88-beaa-5eb3-ad42-e8a194d53847 
952 f f |p Can circulate  |a CAVAL  |b CAVAL  |c CAVAL  |d CARM 1 Store  |e A01838  |f A2:AH12G0  |h Other scheme  |i book  |m 0131490